书目信息 |
| 书名: | Principles of database systems | |
| 作者: | Jeffrey D. Ullman. | |
| 分册号: | ||
| 分册名: | 出版地: | Rockville, Md. : |
|
| 出版社: | Computer Science Press | |
| 出版时间: | [1983] c1982. | |
| 页数: | vii, 484 p. : | |
| 开本: | 24 cm. | |
| 丛书名: | Computer software engineering series | |
| 中图分类号: | ||
| 科图分类号: | ||
| 其他分类号: | TP315 | |
| 主题词: | ||
| 电子资源: | ||
| 000 | 00989cam a2200313 a 450 | |
| 001 | E0741370015 | |
| 005 | 20070510113135.09 | |
| 008 | 820308t19831982mdua b 001 0 eng | |
| 010 | @a82002510 | |
| 020 | @a0716780690. | |
| 020 | @a0-273-08594-8. | |
| 035 | @A(DLC) 82002510 | |
| 040 | @aDLC@cDLC@dDLC | |
| 050 | 00 | @aQA76.9.D3@bU44 1983 |
| 082 | 00 | @a001.64@2 19 |
| 090 | @aTP315 | |
| 099 | @dTP315@ex166=2 | |
| 100 | 1 | @aUllman, Jeffrey D.,@d1942- |
| 245 | 10 | @aPrinciples of database systems / @cJeffrey D. Ullman. |
| 250 | @a2nd ed. | |
| 260 | @aRockville, Md. :@bComputer Science Press,@c[1983] c1982. | |
| 300 | @avii, 484 p. :@bill. ;@c24 cm. | |
| 440 | 0 | @aComputer software engineering series |
| 500 | @aIncludes index. | |
| 504 | @aBibliography: p. [451]-473. | |
| 650 | 0 | @aDatabase management. |
| 740 | 0 | @aDatabase systems. |
| 906 | @a7@bcbc@corignew@d1@eocip@f19@gy-gencatlg | |
| 991 | @bc-GenColl@hQA76.9.D3@iU44 1983@p00034961724@tCopy 1@wBOOKS | |
| Principles of database systems / / Jeffrey D. Ullman.-2nd ed.-Rockville, Md. : : Computer Science Press, , [1983] c1982. |
| vii, 484 p. : : ill. ; ; 24 cm.- (Computer software engineering series ) |
| Includes index.-Bibliography: p. [451]-473. |
| ISBN 0716780690. |
| ● |
| 相关链接 |
|
|
|
|
正题名:Principles of database systems
索取号:TP315/x166=2
 
预约/预借
| 序号 | 登录号 | 条形码 | 馆藏地/架位号 | 状态 | 备注 |
| 1 | 7990 | 300079901 | 第二样本阅览室/ [索取号:TP315/x166=2] | 在馆 | |
| 2 | 7991 | 300079910 | 第四借阅区/ [索取号:TP315/x166=2] | 在馆 | |
| 3 | 7992 | 300079929 | 第四借阅区/ [索取号:TP315/x166=2] | 在馆 | |
| 4 | 7993 | 300079938 | 密集书库/ [索取号:TP315/x166=2] | 在馆 | |
| 5 | 7994 | 300079947 | 密集书库/ [索取号:TP315/x166=2] | 在馆 |